[Event "BCF-chT3E 2223 (4NCL)"]
[Site "England"]
[Date "2023.02.11"]
[Round "5.55"]
[White "Vleeshhouwer, Douglas"]
[Black "Gooding, Ian R"]
[Result "1-0"]
[WhiteElo "2010"]
[BlackElo "1941"]
[PlyCount "125"]
[EventDate "2022.11.05"]
[EventType "team-tourn"]
[EventRounds "11"]
[EventCountry "ENG"]
[SourceTitle "EXT 2024"]
[Source "ChessBase"]
[SourceDate "2023.10.10"]
[SourceVersion "1"]
[SourceVersionDate "2023.10.10"]
[SourceQuality "1"]
[WhiteTeam "Hull & East Riding Tigers"]
[BlackTeam "Cambridge University II"]
[WhiteTeamCountry "ENG"]
[BlackTeamCountry "ENG"]

1. b3 e5 2. Bb2 Nc6 3. e3 d5 4. Bb5 f6 5. d4 Bd6 6. dxe5 fxe5 7. Bxc6+ bxc6 8. Bxe5 Nf6 9. Bg3 0-0 10. Ne2 Ne4 11. 0-0 Bxg3 12. hxg3 Nxf2 13. Rxf2 Rxf2 14. Nf4 Rxf4 15. exf4 Qf6 16. Nd2 Bf5 17. Nf3 Bxc2 18. Qd4 Re8 19. Ne5 Qd6 20. b4 a5 21. Rc1 Ba4 22. bxa5 Qa3 23. Qd2 Qxg3 24. Rc3 Qh4 25. Ra3 Bb5 26. a6 Qe7 27. Qc1 Qb4 28. a7 Ra8 29. Nxc6 Bxc6 30. Qxc6 Qb6+ 31. Qxb6 cxb6 32. Kf2 Kf7 33. Ra6 Ke7 34. Ke3 Kd7 35. a4 Kc7 36. a5 Kb7 37. Rxb6+ Kxa7 38. Rd6 Re8+ 39. Kf3 Re7 40. Rxd5 Ka6 41. Rh5 g6 42. Re5 Rb7 43. Kg4 Rb2 44. g3 Rh2 45. f5 Rh5 46. Re6+ Kxa5 47. fxg6 hxg6 48. Rxg6 Rh1 49. Rc6 Kb5 50. Rc8 Rg1 51. Kf4 Rf1+ 52. Kg5 Rh1 53. g4 Rg1 54. Kf5 Rf1+ 55. Kg6 Rg1 56. g5 Rg2 57. Kf6 Rf2+ 58. Kg7 Rg2 59. g6 Rg1 60. Kf7 Rf1+ 61. Kg8 Rg1 62. g7 Kb6 63. Rf8 1-0

[Event "BCF-chT3Sb 1617 (4NCL)"]
[Site "England"]
[Date "2017.01.14"]
[Round "3.65"]
[White "Gooding, Ian R"]
[Black "Peck, Silas"]
[Result "0-1"]
[WhiteElo "2054"]
[BlackElo "2095"]
[PlyCount "54"]
[EventDate "2016.11.26"]
[EventType "team-tourn"]
[EventRounds "11"]
[EventCountry "ENG"]
[SourceTitle "EXT 2019"]
[Source "ChessBase"]
[SourceDate "2018.10.10"]
[SourceVersion "1"]
[SourceVersionDate "2018.10.10"]
[SourceQuality "1"]
[WhiteTeam "Cambridge University II"]
[BlackTeam "Anglian Avengers II"]
[WhiteTeamCountry "ENG"]
[BlackTeamCountry "ENG"]

1. e4 e5 2. Nf3 Nc6 3. Nc3 Nf6 4. Bb5 Bb4 5. 0-0 0-0 6. d3 d6 7. Bg5 Bxc3 8. bxc3 Qe7 9. Re1 Nd8 10. d4 Ne6 11. Bc1 c6 12. Bf1 Qc7 13. g3 Rd8 14. Bg2 h6 15. Nh4 Kh7 16. f4 Qa5 17. Bb2 exf4 18. Qd3 Kh8 19. Nf5 Ng5 20. gxf4 Ngxe4 21. Bxe4 Nxe4 22. Nxh6 gxh6 23. Qxe4 Rg8+ 24. Kh1 Bf5 25. Qf3 Bg4 26. Qg2 Bh5 27. Qe4 f5 0-1

[Event "BCF-chT2b 1516 (4NCL)"]
[Site "England"]
[Date "2016.01.24"]
[Round "4.11"]
[White "French, Max"]
[Black "Gooding, Ian R"]
[Result "0-1"]
[WhiteElo "1907"]
[BlackElo "2031"]
[PlyCount "96"]
[EventDate "2015.11.14"]
[EventType "team-tourn"]
[EventRounds "7"]
[EventCountry "ENG"]
[SourceTitle "CBM 170 Extra"]
[Source "ChessBase"]
[SourceDate "2016.02.25"]
[SourceVersion "1"]
[SourceVersionDate "2016.02.25"]
[SourceQuality "1"]
[WhiteTeam "Downend & Fishponds"]
[BlackTeam "Cambridge II"]
[WhiteTeamCountry "ENG"]
[BlackTeamCountry "ENG"]

1. d4 d5 2. c4 c6 3. Nf3 Nf6 4. e3 Bg4 5. Nc3 e6 6. h3 Bh5 7. g4 Bg6 8. Ne5 Nbd7 9. Nxg6 hxg6 10. Bd2 Bd6 11. cxd5 exd5 12. Bg2 0-0 13. 0-0 Re8 14. Qb3 Nb6 15. Rfd1 Rc8 16. Rac1 Bb8 17. a4 Qc7 18. Kf1 Nc4 19. Ne2 Ne4 20. Rxc4 dxc4 21. Qxc4 Qe7 22. Qd3 Nxd2+ 23. Rxd2 Qb4 24. Nc3 Rcd8 25. d5 Be5 26. Kg1 Bxc3 27. Qxc3 Qxc3 28. bxc3 cxd5 29. Bxd5 Kf8 30. e4 Rxe4 31. Bxe4 Rxd2 32. Bxb7 Rc2 33. Kg2 a5 34. Ba6 Rxc3 35. Bb5 Ke7 36. f3 g5 37. Kg3 Kd6 38. Be8 f6 39. Bb5 Kc5 40. Bd7 Kb4 41. h4 gxh4+ 42. Kxh4 Rxf3 43. Kh5 Rd3 44. Bf5 Rd4 45. Kg6 Kxa4 46. Kxg7 Rd6 47. Kf7 Kb4 48. Ke7 Rb6 0-1

[Event "BCF-chT2c 1415 (4NCL)"]
[Site "England"]
[Date "2015.05.04"]
[Round "11.235"]
[White "Gayson, Peter"]
[Black "Gooding, Ian R"]
[Result "0-1"]
[WhiteElo "2168"]
[BlackElo "2027"]
[PlyCount "112"]
[EventDate "2015.03.29"]
[EventType "team-tourn"]
[EventRounds "11"]
[EventCountry "ENG"]
[SourceTitle "EXT 2016"]
[Source "ChessBase"]
[SourceDate "2015.10.08"]
[SourceVersion "1"]
[SourceVersionDate "2015.10.08"]
[SourceQuality "1"]
[WhiteTeam "White Rose II"]
[BlackTeam "Cambridge II"]
[WhiteTeamCountry "ENG"]
[BlackTeamCountry "ENG"]

1. e4 e6 2. d4 d5 3. Nd2 Be7 4. Ngf3 Nf6 5. Bd3 c5 6. exd5 exd5 7. c3 0-0 8. 0-0 Bg4 9. h3 Bh5 10. dxc5 Bxc5 11. Nb3 Bb6 12. Bg5 Nc6 13. Be2 Re8 14. Nfd4 Bxe2 15. Nxe2 h6 16. Bh4 Qd6 17. Rc1 Ne4 18. Nbd4 Nxd4 19. Nxd4 Qf4 20. g3 Qd2 21. Qxd2 Nxd2 22. Rfd1 Ne4 23. f3 Nd6 24. g4 Re2 25. Rb1 Nc4 26. Bf2 Rxb2 27. Rxb2 Nxb2 28. Re1 Nd3 29. Re7 Nxf2 30. Kxf2 Rc8 31. Kg3 Rxc3 32. Nb5 Rc5 33. a4 a6 34. Rxb7 axb5 35. Rxb6 bxa4 36. Ra6 Rc4 37. Ra5 d4 38. Kf4 g6 39. Ke4 Rb4 40. h4 Kg7 41. Ra6 h5 42. gxh5 gxh5 43. Ra5 Kg6 44. Rg5+ Kh6 45. Ra5 d3+ 46. Kxd3 Rxh4 47. Ke3 Kg6 48. f4 a3 49. Ke4 Rh3 50. Rg5+ Kh6 51. Ra5 h4 52. Ra6+ Kg7 53. f5 Rb3 54. Ke5 h3 55. Ra4 Rb5+ 56. Kf4 h2 0-1

[Event "BCF-chT3 1314 (4NCL)"]
[Site "England"]
[Date "2014.05.04"]
[Round "10.146"]
[White "Doran, Chris"]
[Black "Gooding, Ian R"]
[Result "0-1"]
[WhiteElo "2002"]
[BlackElo "2006"]
[PlyCount "118"]
[EventDate "2013.11.16"]
[EventType "team-swiss"]
[EventRounds "11"]
[EventCountry "ENG"]
[SourceTitle "EXT 2015"]
[Source "ChessBase"]
[SourceDate "2014.11.20"]
[SourceVersion "1"]
[SourceVersionDate "2014.11.20"]
[SourceQuality "1"]
[WhiteTeam "Holmes Chapel"]
[BlackTeam "Cambridge III"]
[WhiteTeamCountry "ENG"]
[BlackTeamCountry "ENG"]

1. e4 e6 2. d4 d5 3. Nd2 Be7 4. Ngf3 Nf6 5. Bd3 c5 6. c3 Nc6 7. exd5 Nxd5 8. Ne4 cxd4 9. Nxd4 Nxd4 10. cxd4 Bd7 11. 0-0 Qb6 12. Qg4 g6 13. Nc5 Bb5 14. Bxb5+ Qxb5 15. Bg5 Bxg5 16. Qxg5 0-0 17. b3 b6 18. Ne4 Qd3 19. Qe5 Rac8 20. Rfd1 Qc2 21. h4 Qc7 22. Nf6+ Nxf6 23. Qxf6 Qd8 24. Qf4 Qd5 25. Rac1 Rfd8 26. Rxc8 Rxc8 27. Rd2 a5 28. Qe5 Rd8 29. Qf6 Rd7 30. Rc2 Qa8 31. h5 Qd8 32. Qxd8+ Rxd8 33. hxg6 hxg6 34. Rc6 Rxd4 35. Rxb6 Rd1+ 36. Kh2 Rd2 37. Kg3 Rxa2 38. Ra6 Ra3 39. Kf4 Rxb3 40. Rxa5 Rb2 41. Kg3 Kg7 42. f3 f5 43. Rc5 Kf6 44. Rc3 Re2 45. f4 g5 46. fxg5+ Kxg5 47. Kf3 Ra2 48. Re3 Ra6 49. g3 Rb6 50. Rc3 e5 51. Rc8 e4+ 52. Kg2 Rb2+ 53. Kh3 e3 54. Rg8+ Kf6 55. Re8 e2 56. Re3 f4 57. gxf4 Rb3 58. Rxb3 e1Q 59. Rg3 Kf5 0-1

[Event "BCF-chT3S 1314 (4NCL)"]
[Site "England"]
[Date "2014.01.11"]
[Round "3.245"]
[White "Gooding, Ian R"]
[Black "Ireland, David J"]
[Result "1-0"]
[WhiteElo "1994"]
[BlackElo "1922"]
[PlyCount "31"]
[EventDate "2013.11.16"]
[EventType "team-swiss"]
[EventRounds "6"]
[EventCountry "ENG"]
[SourceTitle "EXT 2015"]
[Source "ChessBase"]
[SourceDate "2014.11.20"]
[SourceVersion "1"]
[SourceVersionDate "2014.11.20"]
[SourceQuality "1"]
[WhiteTeam "Cambridge III"]
[BlackTeam "Throw in the Tal"]
[WhiteTeamCountry "ENG"]
[BlackTeamCountry "ENG"]

1. e4 c5 2. Nf3 d6 3. d4 cxd4 4. Nxd4 Nf6 5. Nc3 g6 6. Be3 Bg7 7. f3 Nc6 8. Qd2 0-0 9. 0-0-0 d5 10. Kb1 e6 11. h4 h5 12. g4 Nxd4 13. Bxd4 dxe4 14. g5 Nd5 15. Bxg7 Kxg7 16. fxe4 1-0